000 00944nam a2200265Ia 4500
003 OSt
005 20221005111206.0
006 a|||||r|||| 00| 0
007 ta
008 221004b |||||||| |||| 00| 0 hin d
020 _a8181436014 (pbk)
_cIndian Rupees 45
024 _a35881
037 _bGift, 16/02/2018,
_cTextual
040 _aCRL
_cCRL
_bhin
041 _2hin
_ahin
082 _aO152:g, Q6
100 _aगौतम, रमेश, संपा.
245 0 _aगद्य सुमन
_b बी. कॉम. हिन्दी ‘ख’
246 _aGadya sumana: bī kaॉm hindī ‘kha’
260 _aनई दिल्ली
_bवाणी प्रकाशन भारत
_c2016
300 _a131पृ0
_ccm.
650 _aहिन्दी साहित्य
942 _hO152:g, Q6
_cTEXL
_2cc
999 _c1021104
_d1021104